000
00274nam a2200097Ia 4500
008
220204s9999 xx 000 0 und d
082
_a
339.18(73)
_b
ECO; 1
245
0
_a
Economic and commercial reports: USA
260
_a
New Delhi
_b
Ministry of Foreign trade
_c
1968
942
_c
BK
999
_c
22288
_d
22288